[Event "21st European Teams"]
[Site "Hersonissos GRE"]
[Date "2017.10.28"]
[Round "1.6"]
[Board "3"]
[White "Georgiadis, Nico"]
[Black "Melkumyan, Hrant"]
[Result "1/2-1/2"]
[WhiteTitle "GM"]
[BlackTitle "GM"]
[WhiteElo "2516"]
[BlackElo "2642"]
[WhiteTeam "Switzerland"]
[BlackTeam "Armenia"]
[WhiteFideId "1300113"]
[BlackFideId "13302485"]
[EventDate "2017.10.28"]

1. e4 c6 2. Nc3 d5 3. Nf3 dxe4 4. Nxe4 Nf6 5. Nxf6+ exf6 6. Bc4 Bd6 7. Qe2+ Qe7
8. Qxe7+ Kxe7 9. O-O Be6 10. Re1 Kd7 11. Bf1 a5 12. Nd4 Na6 13. Nxe6 fxe6 14. d4
a4 15. c3 Nc7 16. Bd2 b5 17. h4 f5 18. g3 g6 19. Bd3 Nd5 20. Kg2 Be7 21. Re2 Bf6
22. Rae1 Rhe8 23. a3 Re7 24. Kf3 Rg8 25. Bb1 h5 26. Ba2 Rc8 27. Bh6 Ree8 28. Bd2
Bd8 29. Bf4 Bb6 30. Bg5 Bc7 1/2-1/2

[Event "21st European Teams"]
[Site "Hersonissos GRE"]
[Date "2017.10.28"]
[Round "1.6"]
[Board "4"]
[White "Gabuzyan, Hovhannes"]
[Black "Kurmann, Oliver"]
[Result "1-0"]
[WhiteTitle "GM"]
[BlackTitle "IM"]
[WhiteElo "2583"]
[BlackElo "2481"]
[WhiteTeam "Armenia"]
[BlackTeam "Switzerland"]
[WhiteFideId "13303732"]
[BlackFideId "1308173"]
[EventDate "2017.10.28"]

1. Nf3 Nf6 2. g3 b6 3. Bg2 Bb7 4. c4 e6 5. O-O Be7 6. Nc3 O-O 7. d4 Ne4 8. Bd2
Bf6 9. Rc1 Nxd2 10. Qxd2 d6 11. d5 e5 12. h4 Nd7 13. Bh3 a5 14. e4 Nc5 15. Kg2
Bc8 16. Bxc8 Qxc8 17. Qe2 h5 18. Nd2 g6 19. Rh1 Bg7 20. Rcg1 Bh6 21. Nb3 Kg7 22.
Nxc5 bxc5 23. Rd1 Rh8 24. Rd3 Qd7 25. Nb5 Rhf8 26. Ra3 f5 27. exf5 Rxf5 28. Nc3
Rff8 29. Rd1 Rfb8 30. Nb5 a4 31. Qc2 Rxb5 32. cxb5 Qxb5 33. Rc3 Rb8 34. b3 axb3
35. Rxb3 Qa4 36. Rb2 Qxc2 37. Rxc2 Rb4 38. Ra1 Ra4 39. Rb1 Rd4 40. Rb7 Rxd5 41.
a4 Bd2 42. Ra2 1-0

[Event "21st European Teams"]
[Site "Hersonissos GRE"]
[Date "2017.10.28"]
[Round "1.7"]
[Board "1"]
[White "Erdos, Viktor"]
[Black "Steingrimsson, Hedinn"]
[Result "1-0"]
[WhiteTitle "GM"]
[BlackTitle "GM"]
[WhiteElo "2624"]
[BlackElo "2576"]
[WhiteTeam "Hungary"]
[BlackTeam "Iceland"]
[WhiteFideId "719978"]
[BlackFideId "2300117"]
[EventDate "2017.10.28"]

1. Nf3 d5 2. d4 Nf6 3. c4 e6 4. Bg5 Be7 5. Nc3 O-O 6. e3 Nbd7 7. Rc1 h6 8. Bh4
c5 9. dxc5 dxc4 10. Bxc4 Nxc5 11. O-O a6 12. Qc2 b5 13. Rfd1 Qe8 14. Bxf6 gxf6
15. b4 bxc4 16. bxc5 Bb7 17. Ne4 Bd5 18. Ng3 Rc8 19. Rxd5 exd5 20. Qf5 Bxc5 21.
Qg4+ Kh7 22. Nh5 Rg8 23. Nxf6+ Kh8 24. Qf5 1-0

[Event "21st European Teams"]
[Site "Hersonissos GRE"]
[Date "2017.10.28"]
[Round "1.7"]
[Board "2"]
[White "Gretarsson, Hjorvar Steinn"]
[Black "Rapport, Richard"]
[Result "0-1"]
[WhiteTitle "GM"]
[BlackTitle "GM"]
[WhiteElo "2567"]
[BlackElo "2686"]
[WhiteTeam "Iceland"]
[BlackTeam "Hungary"]
[WhiteFideId "2302241"]
[BlackFideId "738590"]
[EventDate "2017.10.28"]

1. d4 e6 2. c4 Nf6 3. Nf3 b6 4. g3 Bb7 5. Bg2 Bb4+ 6. Bd2 a5 7. O-O O-O 8. Bf4
Be7 9. Nc3 Ne4 10. Qc2 Nxc3 11. Qxc3 d6 12. Rfd1 Nd7 13. Rac1 Qe8 14. Qe3 Bd8
15. g4 a4 16. b4 b5 17. c5 Ra6 18. Qd3 Nf6 19. Bg5 Nxg4 20. Bxd8 Qxd8 21. Qxb5
Qa8 22. Ne1 Bxg2 23. Nxg2 Rb8 24. Qc4 a3 25. cxd6 Rxd6 26. Qxc7 Rdb6 27. Rd3 Nf6
28. Qc3 Rxb4 29. Qxa3 Ra4 30. Qc5 Rxa2 31. Qe5 Ra5 32. Qg3 h6 33. h4 Rb2 34.
Rdc3 Qe4 35. Rc8+ Kh7 36. R8c7 Rb1 37. Qe3 Raa1 38. Qxe4+ Nxe4 39. Rxb1 Rxb1+
40. Kh2 Nxf2 41. Nf4 e5 42. dxe5 Ng4+ 43. Kg2 Nxe5 44. Re7 Rb5 45. h5 Ng4 46.
Rxf7 Nf6 47. Kf3 Nxh5 48. e3 Re5 49. Nd3 Re8 50. e4 Rd8 51. Nc5 Rc8 52. Nd3 Rc3
53. Ke3 Nf6 54. Ra7 Rc4 55. Re7 h5 56. Nf4 Kh6 57. Kf3 Ra4 58. Re6 Ra3+ 59. Kg2
Kg5 60. Nh3+ Kh4 61. Nf2 Re3 62. Re5 Re2 63. Rf5 Ng4 0-1

[Event "21st European Teams"]
[Site "Hersonissos GRE"]
[Date "2017.10.28"]
[Round "1.7"]
[Board "3"]
[White "Almasi, Zoltan"]
[Black "Stefansson, Hannes"]
[Result "1/2-1/2"]
[WhiteTitle "GM"]
[BlackTitle "GM"]
[WhiteElo "2707"]
[BlackElo "2508"]
[WhiteTeam "Hungary"]
[BlackTeam "Iceland"]
[WhiteFideId "702293"]
[BlackFideId "2300087"]
[EventDate "2017.10.28"]

1. Nf3 Nf6 2. c4 c6 3. g3 d5 4. Bg2 g6 5. b3 Bg7 6. Bb2 O-O 7. O-O b6 8. d4 Bb7
9. Nc3 Nbd7 10. e3 e6 11. Qc2 Rc8 12. Rfd1 Qc7 13. Rac1 Rfd8 14. Qb1 Qb8 15. Ne1
Qa8 16. Ba3 dxc4 17. Be7 Re8 18. Bxf6 Nxf6 19. bxc4 Red8 20. Nd3 Nd7 21. Ne4 c5
22. d5 Nf6 23. Nxf6+ Bxf6 24. Nf4 exd5 25. Bxd5 Kg7 26. a4 Bc6 27. Qb3 Be5 28.
Bxc6 Qxc6 29. Nd5 Rb8 30. Qb5 Qc8 31. Qb1 Qc6 32. Qb5 Qc8 33. Qb3 Qc6 34. Rb1 h5
35. h4 Qe6 36. Kg2 Bf6 37. Qc2 Qc6 38. Rd3 Rb7 39. Kg1 a6 40. Rdb3 Rdb8 41. Kh2
Kh6 42. Qe4 Bg7 43. Ra3 b5 44. axb5 axb5 45. cxb5 Rxb5 46. Rxb5 Rxb5 47. Qf4+
Kh7 48. Qxf7 Rb7 49. Nf6+ Kh6 50. Ng8+ Kh7 51. Nf6+ Kh6 52. Qd5 Qxf6 53. Qxb7
Qxf2+ 54. Qg2 Qe1 55. Qf3 Qd2+ 56. Kh3 Qd7+ 57. Kg2 Kh7 58. Ra6 Qd2+ 59. Qf2
Qd5+ 60. Kh2 Qd3 61. Ra7 c4 62. Qf6 Qe2+ 63. Kh3 Qg4+ 64. Kg2 Qe2+ 65. Kh3 Qg4+
66. Kg2 Qe2+ 67. Qf2 Qd3 68. Rc7 c3 69. Kh2 Kh8 70. Rc8+ Kh7 71. Rc7 Kh8 72. Qf3
Qd2+ 73. Kh3 Qe1 74. Kg2 Qd2+ 75. Kh3 Qe1 76. Rc6 Kh7 77. e4 Qb1 78. Rc7 c2 79.
Rxg7+ Kxg7 1/2-1/2

[Event "21st European Teams"]
[Site "Hersonissos GRE"]
[Date "2017.10.28"]
[Round "1.7"]
[Board "4"]
[White "Kjartansson, Gudmundur"]
[Black "Berkes, Ferenc"]
[Result "1/2-1/2"]
[WhiteTitle "IM"]
[BlackTitle "GM"]
[WhiteElo "2456"]
[BlackElo "2661"]
[WhiteTeam "Iceland"]
[BlackTeam "Hungary"]
[WhiteFideId "2301318"]
[BlackFideId "718572"]
[EventDate "2017.10.28"]

1. Nf3 Nf6 2. c4 g6 3. g3 Bg7 4. Bg2 O-O 5. O-O d6 6. d4 c5 7. dxc5 dxc5 8. Nc3
Nc6 9. Bf4 Nd4 10. Be5 Nc6 11. Bf4 Nd4 12. e3 Nxf3+ 13. Bxf3 Nd7 14. g4 Ne5 15.
Bxe5 Bxe5 16. Qxd8 Rxd8 17. Na4 Bd6 18. Rad1 Be6 19. b3 Rab8 20. Nc3 Be5 21. Ne4
b6 22. Ng5 Bd7 23. Rd5 Bc7 24. Rfd1 Be8 25. Rxd8 Bxd8 26. Ne4 Bc7 27. g5 Kf8 28.
Kg2 Be5 29. h4 a6 30. a4 a5 31. Rd3 f5 32. Nd2 e6 33. Kf1 Ke7 34. Ke2 Ba1 35.
Bg2 e5 36. Nb1 e4 37. Rd1 h6 38. gxh6 Bd7 39. f3 exf3+ 40. Bxf3 Rh8 41. Kf2 Rxh6
42. Rh1 Be6 43. Na3 Bf6 44. Kg3 Be5+ 45. Kf2 f4 46. exf4 Bxf4 47. Nc2 Bf5 48.
Ne3 Bxe3+ 49. Kxe3 Bc2 50. Kf4 Kf6 51. Rc1 Bxb3 52. Rb1 Rxh4+ 53. Kg3 Rxc4 54.
Rxb3 Rb4 55. Rd3 c4 56. Rd6+ Ke5 57. Rd5+ Ke6 58. Kf2 Rxa4 59. Rb5 Rb4 60. Bd5+
Ke5 61. Rxb4 axb4 62. Bxc4 Kd4 63. Bf7 g5 64. Kf3 Kc3 65. Kg4 b3 66. Kxg5 b2 67.
Bg6 Kd2 68. Kf4 Kc1 69. Ke5 b1=Q 70. Bxb1 Kxb1 71. Kd5 1/2-1/2

[Event "21st European Teams"]
[Site "Hersonissos GRE"]
[Date "2017.10.28"]
[Round "1.8"]
[Board "2"]
[White "Piorun, Kacper"]
[Black "Markos, Jan"]
[Result "1-0"]
[WhiteTitle "GM"]
[BlackTitle "GM"]
[WhiteElo "2640"]
[BlackElo "2559"]
[WhiteTeam "Poland"]
[BlackTeam "Slovakia"]
[WhiteFideId "1130420"]
[BlackFideId "14903474"]
[EventDate "2017.10.28"]

1. e4 c5 2. Nf3 Nc6 3. d4 cxd4 4. Nxd4 Nf6 5. Nc3 e5 6. Ndb5 d6 7. Bg5 a6 8. Na3
b5 9. Bxf6 gxf6 10. Nd5 Bg7 11. Bd3 Ne7 12. Nxe7 Qxe7 13. c3 f5 14. Qh5 f4 15.
Nc2 O-O 16. O-O Kh8 17. a4 bxa4 18. Rxa4 Bb7 19. Rfa1 f5 20. exf5 Bf6 21. Bxa6
Bc6 22. R4a3 Rg8 23. Bf1 Rxa3 24. Rxa3 Qb7 25. Ne1 e4 26. Qh6 Be5 27. Bc4 d5 28.
Ra6 Bd7 29. f6 Bg4 30. Ra5 Be6 31. Qh5 Qc7 32. Rxd5 Bxf6 33. Rc5 Qd6 34. Bxe6
Qxe6 35. Qf5 Qe7 36. Rc6 Bh4 37. Re6 1-0

[Event "21st European Teams"]
[Site "Hersonissos GRE"]
[Date "2017.10.28"]
[Round "1.8"]
[Board "3"]
[White "Repka, Christopher"]
[Black "Bartel, Mateusz"]
[Result "1-0"]
[WhiteTitle "IM"]
[BlackTitle "GM"]
[WhiteElo "2470"]
[BlackElo "2613"]
[WhiteTeam "Slovakia"]
[BlackTeam "Poland"]
[WhiteFideId "14918781"]
[BlackFideId "1112635"]
[EventDate "2017.10.28"]

1. Nf3 d5 2. d4 Nf6 3. c4 c6 4. Nc3 dxc4 5. a4 Bf5 6. Nh4 Bc8 7. Nf3 Bf5 8. Nh4
Bg4 9. h3 Bh5 10. g4 Bg6 11. Nxg6 hxg6 12. e3 e6 13. Bxc4 Bb4 14. Bd2 Nbd7 15.
Qe2 Qa5 16. Bb3 O-O-O 17. O-O-O Nb6 18. Kb1 Rd7 19. h4 Rhd8 20. g5 Nfd5 21. Nxd5
exd5 22. Bc1 Nxa4 23. h5 gxh5 24. Rxh5 g6 25. Rh7 c5 26. Qc2 b5 27. dxc5 Nxc5
28. Bd2 Rc7 29. Bxb4 Qxb4 30. Bxd5 Ne4 31. Rxf7 Nc5 32. Qxg6 Rxf7 33. Qc6+ Rc7
34. Be6+ Nd7 35. Qa8# 1-0

[Event "21st European Teams"]
[Site "Hersonissos GRE"]
[Date "2017.10.28"]
[Round "1.8"]
[Board "4"]
[White "Tomczak, Jacek"]
[Black "Jurcik, Marian"]
[Result "1/2-1/2"]
[WhiteTitle "GM"]
[BlackTitle "GM"]
[WhiteElo "2583"]
[BlackElo "2479"]
[WhiteTeam "Poland"]
[BlackTeam "Slovakia"]
[WhiteFideId "1124668"]
[BlackFideId "14907518"]
[EventDate "2017.10.28"]

1. e4 c5 2. Nf3 d6 3. d4 cxd4 4. Nxd4 Nf6 5. Nc3 Nc6 6. Nb3 g6 7. Be2 Bg7 8. O-O
O-O 9. Re1 a6 10. Bf1 b5 11. Bg5 Bb7 12. a4 b4 13. Nd5 Nd7 14. Qc1 Re8 15. a5
Qc8 16. Ra4 e6 17. Nxb4 Nc5 18. Nxc5 dxc5 19. Nxc6 Bxc6 20. Ra3 Qc7 21. Bf4 Be5
22. Bxe5 Qxe5 23. Rc3 Bb5 24. Qe3 Bxf1 25. Rxf1 Rab8 26. Rxc5 Qxb2 27. h4 Rec8
28. Rd1 Qb4 29. Rxc8+ Rxc8 30. Qf4 Qxa5 31. Rd7 Rf8 32. c4 h5 33. e5 Qc3 34. Rc7
a5 1/2-1/2

[Event "21st European Teams"]
[Site "Hersonissos GRE"]
[Date "2017.10.28"]
[Round "1.9"]
[Board "1"]
[White "Meier, Georg"]
[Black "Nikolaidis, Ioannis"]
[Result "1/2-1/2"]
[WhiteTitle "GM"]
[BlackTitle "GM"]
[WhiteElo "2655"]
[BlackElo "2519"]
[WhiteTeam "Germany"]
[BlackTeam "Greece 2"]
[WhiteFideId "4675789"]
[BlackFideId "4202139"]
[EventDate "2017.10.28"]

1. Nf3 d5 2. g3 c6 3. Bg2 Bg4 4. h3 Bh5 5. c4 e6 6. O-O Bd6 7. d4 Nd7 8. Qb3 Qb6
9. Nc3 Ne7 10. e4 Qxb3 11. axb3 dxe4 12. Nxe4 Bc7 13. Bd2 Bg6 14. Rfe1 O-O 15.
Bc3 Bxe4 16. Rxe4 Rfd8 17. b4 a6 18. Bf1 Nf6 19. Ree1 Bb6 20. Bd3 Ba7 21. Kg2
Ne8 22. Rad1 Bb6 23. Bc2 a5 24. Ra1 axb4 25. Bxb4 Ng6 26. Bc3 Ne7 27. Reb1 Bc7
28. Ra3 Bd6 29. Rb3 Ra7 30. Bd2 Rb8 31. Be3 Raa8 32. Bd3 Bc7 33. Rc1 Nd6 34. g4
Ne8 35. Ng5 Ng6 36. Bxg6 hxg6 37. d5 exd5 38. cxd5 cxd5 39. Rc5 Ra5 40. Rxa5
Bxa5 41. Rb5 Bc7 42. Rxd5 Rd8 43. Rxd8 Bxd8 44. Kf3 Bxg5 45. Bxg5 f6 46. Bf4 Kf7
47. Ke4 Ke6 48. Kd4 g5 49. Be3 Nd6 50. Kc5 Nc8 51. Bd2 Ke5 52. f3 Ke6 53. Be1
Ke5 54. Bg3+ Ke6 55. b4 Kd7 56. b5 b6+ 57. Kd5 Na7 58. Kc4 Ke6 59. f4 gxf4 60.
Bxf4 g5 61. Bc7 Nc8 62. Bd8 Nd6+ 63. Kb4 Nc8 64. Kc4 Nd6+ 1/2-1/2

[Event "21st European Teams"]
[Site "Hersonissos GRE"]
[Date "2017.10.28"]
[Round "1.9"]
[Board "2"]
[White "Kelires, Andreas"]
[Black "Bluebaum, Matthias"]
[Result "0-1"]
[WhiteTitle "GM"]
[BlackTitle "GM"]
[WhiteElo "2510"]
[BlackElo "2643"]
[WhiteTeam "Greece 2"]
[BlackTeam "Germany"]
[WhiteFideId "5900727"]
[BlackFideId "24651516"]
[EventDate "2017.10.28"]

1. d4 Nf6 2. c4 e6 3. g3 d5 4. Bg2 Bb4+ 5. Bd2 Be7 6. Nf3 c6 7. O-O Nbd7 8. Qb3
O-O 9. Rc1 a5 10. Nc3 a4 11. Qc2 dxc4 12. Nxa4 b5 13. Nc3 Qb6 14. a4 Bb7 15. a5
Qc7 16. e4 b4 17. Nd1 Rxa5 18. Bf4 Qd8 19. Rxa5 Qxa5 20. Nd2 c5 21. Nxc4 Qa8 22.
dxc5 Bxc5 23. Be3 Bxe4 24. Bxc5 Nxc5 25. Bxe4 Nfxe4 26. h4 Rd8 27. Nde3 Nd3 28.
Rf1 h6 29. Qe2 Qa2 30. Rd1 Nc3 31. Qxd3 Rxd3 32. Rxd3 Qb1+ 0-1

[Event "21st European Teams"]
[Site "Hersonissos GRE"]
[Date "2017.10.28"]
[Round "1.9"]
[Board "3"]
[White "Fridman, Daniel"]
[Black "Theodorou, Nikolas"]
[Result "1/2-1/2"]
[WhiteTitle "GM"]
[BlackTitle "IM"]
[WhiteElo "2626"]
[BlackElo "2512"]
[WhiteTeam "Germany"]
[BlackTeam "Greece 2"]
[WhiteFideId "11600454"]
[BlackFideId "4262875"]
[EventDate "2017.10.28"]

1. d4 Nf6 2. Nf3 g6 3. g3 Bg7 4. Bg2 O-O 5. O-O d6 6. c4 Nc6 7. Nc3 e5 8. dxe5
Nxe5 9. Nxe5 dxe5 10. Qxd8 Rxd8 11. Bg5 Rd7 12. Bh3 Rd6 13. Bxc8 Rxc8 14. Rad1
Ne8 15. b3 Bf8 16. Rxd6 Bxd6 17. Rd1 f5 18. Be3 a6 19. c5 Bf8 20. b4 h6 21. Na4
Kf7 22. Nb2 Ke6 23. Nc4 Nf6 24. Bd2 b5 25. Na5 Rd8 26. Nc6 Rd5 27. f3 g5 28. Kf2
g4 29. Ke1 gxf3 30. exf3 Rd3 31. Bc1 Rxd1+ 32. Kxd1 Kd5 33. Nb8 Kc4 34. Bb2 Nd5
35. Bxe5 Nxb4 36. c6 Kd5 37. Bxc7 Nxc6 38. Nxa6 Nd4 39. g4 Nxf3 40. gxf5 Ke4 41.
f6 Kf5 42. Bd8 Ke6 43. h3 h5 44. Nc7+ Kd7 45. Be7 Bxe7 46. fxe7 Kxe7 47. Nxb5 1/2-1/2

[Event "21st European Teams"]
[Site "Hersonissos GRE"]
[Date "2017.10.28"]
[Round "1.9"]
[Board "4"]
[White "Mastrovasilis, Athanasios"]
[Black "Svane, Rasmus"]
[Result "1-0"]
[WhiteTitle "GM"]
[BlackTitle "GM"]
[WhiteElo "2488"]
[BlackElo "2595"]
[WhiteTeam "Greece 2"]
[BlackTeam "Germany"]
[WhiteFideId "4201990"]
[BlackFideId "4657101"]
[EventDate "2017.10.28"]

1. d4 d5 2. c4 c6 3. cxd5 cxd5 4. Bf4 Nf6 5. Nc3 Nc6 6. e3 Bf5 7. Nf3 e6 8. Qb3
Bb4 9. Ne5 Bxc3+ 10. bxc3 Nxe5 11. Bxe5 O-O 12. f3 Rc8 13. Be2 Nd7 14. Bd6 Re8
15. O-O Nb6 16. Bc5 Nd7 17. Ba3 Qc7 18. Rac1 Nb6 19. Bc5 Nc4 20. Bxc4 dxc4 21.
Qa3 Bd3 22. Rf2 Ra8 23. Bd6 Qc6 24. e4 Red8 25. Bf4 b6 26. Qa6 f5 27. exf5 Rd5
28. Qa3 Ra5 29. Qb2 exf5 30. Be5 Re8 31. Qd2 h6 32. h3 Rb5 33. Kh2 a5 34. Rg1 a4
35. g4 f4 36. Qxf4 a3 37. Qe3 Rb2 38. Rgg2 Rf8 39. f4 Rb1 40. Rg1 Rxg1 41. Kxg1
Qb5 42. Qc1 Qd5 43. Qxa3 Qe4 44. Qc1 Rf7 45. Kh2 b5 46. a3 Ra7 47. f5 Rf7 48.
Rg2 Kh7 49. Qd2 Bf1 50. Rg3 Bd3 51. Qg2 Qe1 52. g5 hxg5 53. Rxg5 Qe2 54. Qxe2
Bxe2 55. Kg3 Bd3 56. Kf4 Rd7 57. d5 Kg8 58. d6 Kf8 59. Bxg7+ 1-0

[Event "21st European Teams"]
[Site "Hersonissos GRE"]
[Date "2017.10.28"]
[Round "1.10"]
[Board "1"]
[White "Djukic, Nikola"]
[Black "Giri, Anish"]
[Result "1/2-1/2"]
[WhiteTitle "GM"]
[BlackTitle "GM"]
[WhiteElo "2519"]
[BlackElo "2762"]
[WhiteTeam "Montenegro"]
[BlackTeam "Netherlands"]
[WhiteFideId "922412"]
[BlackFideId "24116068"]
[EventDate "2017.10.28"]

1. e4 c5 2. Nf3 d6 3. d4 cxd4 4. Nxd4 Nf6 5. Nc3 a6 6. g3 e5 7. Nde2 Be6 8. Bg2
h5 9. Bg5 Nbd7 10. a4 Be7 11. O-O Rc8 12. Qd2 Nf8 13. a5 N8h7 14. Be3 h4 15.
gxh4 Nf8 16. f4 Rxh4 17. Ng3 exf4 18. Bxf4 Ng6 19. Nf5 Bxf5 20. exf5 Nxf4 21.
Rxf4 Rxf4 22. Qxf4 b5 23. Qh4 Rc5 24. Re1 Re5 25. Qh8+ Bf8 26. Bc6+ Ke7 27. Qh4
Qxa5 28. Nd5+ Kd8 29. b4 Qa2 30. Nxf6 gxf6 31. Rxe5 dxe5 32. Qxf6+ Kc7 33. Qxe5+
Kxc6 34. Qe8+ Kc7 35. Qxf8 Qb1+ 36. Kf2 Qxc2+ 37. Ke3 Qc3+ 38. Kf4 Qd2+ 39. Ke5
Qb2+ 40. Kd5 Qd2+ 41. Ke4 1/2-1/2

[Event "21st European Teams"]
[Site "Hersonissos GRE"]
[Date "2017.10.28"]
[Round "1.10"]
[Board "2"]
[White "L'Ami, Erwin"]
[Black "Blagojevic, Dragisa"]
[Result "1/2-1/2"]
[WhiteTitle "GM"]
[BlackTitle "GM"]
[WhiteElo "2611"]
[BlackElo "2488"]
[WhiteTeam "Netherlands"]
[BlackTeam "Montenegro"]
[WhiteFideId "1007998"]
[BlackFideId "900885"]
[EventDate "2017.10.28"]

1. d4 d5 2. c4 e6 3. Nc3 c6 4. Nf3 Nf6 5. Bg5 Nbd7 6. e3 Qa5 7. Nd2 dxc4 8. Bxf6
Nxf6 9. Nxc4 Qc7 10. Rc1 Be7 11. g3 O-O 12. Bg2 Rd8 13. O-O Nd5 14. Ne4 Bd7 15.
a3 Be8 16. h4 b6 17. Qe2 Rac8 18. Rc2 Qb8 19. Rfc1 c5 20. dxc5 Bxc5 21. Ncd6
Bxd6 22. Rxc8 Rxc8 23. Rxc8 Qxc8 24. Nxd6 Qc1+ 25. Kh2 Qc6 26. Nxe8 Qxe8 27. Qd3
Qd7 28. f4 Kf8 29. Bf3 f5 30. e4 Nf6 31. Qxd7 Nxd7 32. e5 Nc5 33. Kg1 g6 34. h5
Kg7 35. hxg6 hxg6 36. b4 Na6 37. Kg2 g5 38. fxg5 Kg6 39. Be2 Nc7 40. Bc4 Kxg5
41. Kf3 Kh5 42. Kf4 Kg6 43. b5 Kf7 44. Kg5 Kg7 45. a4 Kf7 46. Bb3 a5 47. Bc4 Kg7
48. Bb3 Kf7 1/2-1/2

[Event "21st European Teams"]
[Site "Hersonissos GRE"]
[Date "2017.10.28"]
[Round "1.10"]
[Board "3"]
[White "Draskovic, Luka"]
[Black "Sokolov, Ivan"]
[Result "0-1"]
[WhiteTitle "IM"]
[BlackTitle "GM"]
[WhiteElo "2450"]
[BlackElo "2603"]
[WhiteTeam "Montenegro"]
[BlackTeam "Netherlands"]
[WhiteFideId "944335"]
[BlackFideId "14400030"]
[EventDate "2017.10.28"]

1. c4 e5 2. Nc3 Bb4 3. Nd5 Bc5 4. b4 Bf8 5. a3 c6 6. Nc3 d5 7. e3 Nf6 8. Bb2 d4
9. Na4 c5 10. Nxc5 Bxc5 11. bxc5 Nc6 12. Nf3 O-O 13. Nxe5 Nxe5 14. Bxd4 Re8 15.
Be2 Nd3+ 16. Kf1 Ne5 17. Bxe5 Rxe5 18. d4 Re8 19. Bf3 Ne4 20. Bxe4 Rxe4 21. Qd3
Re7 22. f3 b6 23. cxb6 axb6 24. Kf2 Qd6 25. g3 Rea7 26. Rhc1 Rxa3 27. Rxa3 Rxa3
28. Qd2 Qh6 29. h4 Qe6 30. g4 h5 0-1

[Event "21st European Teams"]
[Site "Hersonissos GRE"]
[Date "2017.10.28"]
[Round "1.10"]
[Board "4"]
[White "Van Foreest, Jorden"]
[Black "Kalezic, Blazo"]
[Result "1-0"]
[WhiteTitle "GM"]
[BlackTitle "IM"]
[WhiteElo "2609"]
[BlackElo "2465"]
[WhiteTeam "Netherlands"]
[BlackTeam "Montenegro"]
[WhiteFideId "1039784"]
[BlackFideId "921815"]
[EventDate "2017.10.28"]

1. e4 e6 2. d4 d5 3. Nd2 Nf6 4. e5 Nfd7 5. c3 c5 6. Bd3 Nc6 7. Ne2 cxd4 8. cxd4
f6 9. exf6 Qxf6 10. Nf3 Bd6 11. Bg5 Qf7 12. O-O O-O 13. Bh4 Qh5 14. Bg3 Bxg3 15.
Nxg3 Qh6 16. Re1 Nf6 17. Bb5 Bd7 18. Bxc6 bxc6 19. Rc1 Rab8 20. Rc2 Rb6 21. Ne5
Rfb8 22. b3 Be8 23. Rc5 Qf4 24. Ne2 Qf5 25. Rc3 Ne4 26. Rf3 Qg5 27. Nf4 c5 28.
dxc5 Nxc5 29. Qd4 Qe7 30. Ned3 Ne4 31. Rfe3 Bf7 32. f3 Nf6 33. Qc5 Qe8 34. Ne5
Nd7 35. Qc3 Nxe5 36. Rxe5 Qd7 37. Qd4 h6 38. Qe3 d4 39. Qe4 Rc8 40. Rd1 Rd6 41.
Nd3 Rc3 42. Rc5 Rxc5 43. Nxc5 Qb5 44. Nd3 Qg5 45. Ne5 Rd5 46. f4 Qe7 47. Rxd4
Qc5 48. Nf3 Rxd4 49. Qxd4 Qc2 50. Qd2 Qb1+ 51. Kf2 Bg6 52. Nd4 Bf5 53. h3 Kh7
54. Kg3 Qe4 55. Nf3 a6 56. Qd4 Qe2 57. Qf2 Qd3 58. Kh2 Be4 59. Nd4 Bf5 60. b4
Qc4 61. Nxf5 exf5 62. Qd2 Kh8 63. a3 Qb3 64. Qd8+ Kh7 65. Qa5 Qd3 66. a4 Qe4 67.
Qe5 Qxb4 68. Qxf5+ Kh8 69. a5 Qc4 70. Qe5 Kh7 71. h4 Qd3 72. h5 Qc4 73. Qf5+ Kh8
74. Kh3 Qc3+ 75. Kg4 Qd2 76. Kh3 Qc3+ 77. Kh2 Qc4 78. Qe5 Kh7 79. Kh3 Qd3+ 80.
Kh4 Qf1 81. Qe4+ Kh8 82. Kg3 Qb5 83. Qe5 Qd3+ 84. Kh4 Qf1 85. Qe8+ Kh7 86. Qe4+
Kh8 87. g3 Qb5 88. Qe5 Qf1 89. Qd5 Qe2 90. f5 Qe7+ 91. Kh3 Qe2 92. Kh4 Qe7+ 93.
Kh3 Qe2 94. g4 Kh7 95. f6 Qf1+ 96. Kg3 gxf6 97. Qf7+ Kh8 98. Qe8+ Kg7 99. Qg6+
Kf8 100. Qxh6+ Kf7 101. Qe3 Kg7 102. Kh2 Kf7 103. Qa7+ Kg8 104. Qd4 Kf7 105.
Qd7+ Kg8 106. Kg3 Qe1+ 107. Kf3 Qf1+ 108. Ke4 Qe2+ 109. Kd5 Qe5+ 110. Kc4 Kh8
111. h6 Qf4+ 112. Kc5 Qxh6 113. Qf5 Qe3+ 114. Kc6 Kg7 115. Kb7 Qe2 116. Qd7+ Kg6
117. Kb6 Qc4 118. Qf5+ Kg7 119. Qd7+ Kg6 120. Ka7 Kh6 121. Qd6 Kg5 122. Qe7 Qxg4
123. Kxa6 Qc4+ 124. Kb6 Qb3+ 125. Ka7 Qd5 126. a6 Qd4+ 127. Kb7 Qd5+ 128. Kb6
Qb3+ 129. Ka7 Qc3 130. Qg7+ Kh5 131. Qd7 Kg5 132. Ka8 f5 133. a7 f4 134. Kb7
Qb4+ 135. Kc8 Qc4+ 136. Kd8 Qg8+ 137. Kc7 Qc4+ 138. Qc6 Qf7+ 139. Kb6 1-0

[Event "21st European Teams"]
[Site "Hersonissos GRE"]
[Date "2017.10.28"]
[Round "1.11"]
[Board "1"]
[White "Navara, David"]
[Black "Rasmussen, Allan Stig"]
[Result "1-0"]
[WhiteTitle "GM"]
[BlackTitle "GM"]
[WhiteElo "2726"]
[BlackElo "2542"]
[WhiteTeam "Czech Republic"]
[BlackTeam "Denmark"]
[WhiteFideId "309095"]
[BlackFideId "1406000"]
[EventDate "2017.10.28"]

1. e4 c6 2. d4 d5 3. e5 Bf5 4. Nf3 e6 5. Be2 Nd7 6. O-O h5 7. a4 Nh6 8. a5 Be7
9. c4 Bxb1 10. Bxh6 Be4 11. Be3 dxc4 12. Nd2 Bd5 13. Bxc4 Nb8 14. Qb3 Qd7 15.
Bxd5 cxd5 16. Rfc1 Na6 17. Nf3 O-O 18. Bg5 Rfc8 19. Bxe7 Qxe7 20. h4 g6 21. Ng5
Nb4 22. Qd1 Kg7 23. Ra3 Rxc1 24. Qxc1 Nc6 25. Qd1 Rf8 26. g4 Qb4 27. Ra4 Qxb2
28. gxh5 gxh5 29. Kg2 Ne7 30. Qxh5 Qc2 31. Rb4 b6 32. axb6 axb6 33. Qg4 Ng6 34.
h5 Qf5 35. Kg3 Qxg4+ 36. Kxg4 Ne7 37. Rxb6 Nf5 38. Rxe6 Nh6+ 39. Rxh6 Kxh6 40.
Kf5 Kxh5 41. f4 1-0

[Event "21st European Teams"]
[Site "Hersonissos GRE"]
[Date "2017.10.28"]
[Round "1.11"]
[Board "2"]
[White "Thybo, Jesper Sondergaard"]
[Black "Hracek, Zbynek"]
[Result "1/2-1/2"]
[WhiteTitle "IM"]
[BlackTitle "GM"]
[WhiteElo "2479"]
[BlackElo "2610"]
[WhiteTeam "Denmark"]
[BlackTeam "Czech Republic"]
[WhiteFideId "1438832"]
[BlackFideId "300071"]
[EventDate "2017.10.28"]

1. d4 Nf6 2. c4 e6 3. Nc3 Bb4 4. Qc2 O-O 5. a3 Bxc3+ 6. Qxc3 d6 7. Bg5 Nbd7 8.
f3 b6 9. e4 c5 10. Nh3 Bb7 11. Be2 h6 12. Be3 Qc7 13. O-O cxd4 14. Qxd4 e5 15.
Qd2 Nc5 16. Rab1 Rad8 17. Nf2 Nh5 18. g4 Nf4 19. Bxf4 exf4 20. Qxf4 Ne6 21. Qd2
Qe7 22. Nh1 Qf6 23. Ng3 Nf4 24. Nf5 Qe5 25. Ng3 Rfe8 26. Rbd1 g6 27. Rfe1 Re6
28. Qd4 Qg5 29. Kh1 Kh7 30. Rg1 Nh3 31. Rg2 Nf4 32. Rgg1 Nh3 33. Rg2 Nf4 34.
Rgg1 1/2-1/2